000 00597nam a2200265Ia 4500
005 20260306163925.0
008 008 260114s9999 xx 000 0 eng d
020 _a9780813038940
037 _aEBOOK
040 _aCRL
040 _beng
040 _cCRL
041 _2eng
041 _aeng
084 _qCRL
100 _aThurner
_91129645
245 0 _aHistory's Peru
260 _bUniversity Press of Florida
260 _c2011
650 _aSocial Work
856 _uhttps://academic.oup.com/book/33163
942 _cEBOOK
999 _c1712038
_d1712038